LEADER 01381nam a2200313 i 4500 001 991000450039707536 008 040927 2003 it 0 ita 020 $a8846457080 035 $ab13223008-39ule_inst 040 $aSet. Economia$bita 082 0 $a658.83 245 03$aIl marketing della ricerca e dell'innovazione :$bsfide per le imprese e il sistema Paese nell'economia della conoscenza /$ca cura di Nicoletta Buratti, Michele Simoni ; introduzione di Riccardo Varaldo 260 $aMilano :$bAngeli,$c2003 300 $a162 p. ;$c23 cm 490 $aEconomia e politica industriale ;$v246 500 $aCon bibliografia 650 4$aInnovazione tecnologica$xMarketing 650 4$aProdotti nuovi$xMarketing 650 4$aRicerca scientifica$xMarketing 700 1 $aSimoni, Michele 700 1 $aVaraldo, Riccardo 700 1 $aBuratti, Nicoletta 907 $a.b13223008$b18-12-18$c27-09-04 912 $a991000450039707536 945 $aLE025 ECO 658.8 BUR04.01$g1$i2025000098282$lle025$nCatalogato 2018$og$pE15.00$q-$rl$s- $t0$u7$v3$w7$x0$y.i13895333$z13-10-04 945 $aLE025 ECO 658.8 BUR04.01$g2$i2025000098275$lle025$nCatalogato 2018$og$pE15.00$q-$rl$s- $t0$u1$v0$w1$x0$y.i13895345$z13-10-04 996 $aMarketing della ricerca e dell'innovazione$967175 997 $aUNISALENTO 998 $ale025$b27-09-04$cm$da $e-$fita$git $h3$i0 LEADER 00989nam a2200253 i 4500 001 991002575529707536 005 20020508202558.0 008 011030s1949 it ||| | ita 035 $ab11030185-39ule_inst 035 $aPARLA165297$9ExL 040 $aDip.to Scienze Storiche Fil. e Geogr.$bita 082 0 $a321.8 100 1 $aBryce, James$0130520 245 10$aDemocrazie moderne :$brepubbliche dell'antichita, repubbliche del Sud-America, Francia, Svizzera, Stati Uniti d'America, Australia, Nuova Zelanda /$cJames Bryce 260 $a[Milano] :$bMondadori,$c1949 300 $a868 p. ;$c22 cm. 490 0 $aOrientamenti Mondadori ;$v22 650 4$aStato democratico 907 $a.b11030185$b23-02-17$c28-06-02 912 $a991002575529707536 945 $aLE009 STOR.891-10$g1$i2009000149847$lle009$o-$pE0.00$q-$rl$s- $t0$u0$v0$w0$x0$y.i11151225$z28-06-02 996 $aDemocrazie moderne$9566478 997 $aUNISALENTO 998 $ale009$b01-01-01$cm$da $e-$fita$git $h0$i1